Quiz Werenoi - Statistiques

Statistiques générales
  • Ce quiz a été pris 263 fois
  • Le résultat moyen est 9 sur 15
Statistiques - réponses
Question Réponse % Correct
Où a t-il grandi ? Montreuil
88%
Quel est le vrai nom de Werenoi ? Jérémy Bana Owona
85%
Quel est le nom de son premier son ? Guadalajara
73%
A quelle date cet album est-il sorti ? 10 mars 2023
72%
Quand est-il décédé ? Le 17 mai 2025
71%
Quel est le nom de son premier projet ? Telegram
69%
Quand est-il né ? Le 30 janvier 1994
65%
Quels sont ses origines ? Cameroun
63%
Quel est le nom de son premier album ? Carré
56%
Quel est son son le plus streamé sur Spotify ? Laboratoire
51%
Quel est le nom de son son le plus récent ? Dragons
40%
A quelle date ce projet est-il sorti ? 28 octobre 2022
36%
Quand est-il sorti ? 3 février 2021
35%
Avec qui a t-il réalisé son premier feat ? Lacrim
35%
Dans quelle ville est-il né ? Melun
21%
Aucun quiz correspondant
Distribution des résultats
% des personnes avec chaque résultat
Percentile par nombre de réponses
Votre historique - résultats
Vous n’avez pas pris ce quiz